LEADER 02942nam 22005655 450 001 9910155410303321 005 20200617123312.0 010 $a9783110461930 010 $a3110461935 024 7 $a10.1515/9783110461862 035 $a(CKB)3710000000966381 035 $a(MiAaPQ)EBC4768929 035 $a(DE-B1597)461892 035 $a(OCoLC)979626961 035 $a(DE-B1597)9783110461862 035 $a(CaSebORM)9783110461930 035 $a(Perlego)1138571 035 $a(EXLCZ)993710000000966381 100 $a20200617h20162017 fg 101 0 $ager 135 $aurcnu|||||||| 181 $2rdacontent 182 $2rdamedia 183 $2rdacarrier 200 10$aSimulation physikalischer Systeme $eComputational Physics mit MATLAB /$fWolfgang Schweizer 210 1$aBerlin ;$aBoston : $cDe Gruyter, $d[2016] 210 4$d©2017 215 $a1 online resource (291 pages) $cillustrations 225 0 $aDe Gruyter Studium 311 08$a9783110461060 311 08$a3110461064 311 08$a9783110461862 311 08$a3110461862 320 $aIncludes bibliographical references and index. 327 $tFrontmatter -- $tVorwort und einleitende Bemerkungen -- $tInhaltsverzeichnis -- $t1. Klassische Mechanik und Relativitätstheorie -- $t2. Klassische Elektrodynamik -- $t3. Einfache Quantensysteme -- $t4. Finite Elemente in der Quantenmechanik -- $t5. Zufallszahlen und Quanten-Monte-Carlo Verfahren -- $t6. Kurzeinführung in Matlab und die Symbolic Math Toolbox -- $tLiteraturverzeichnis -- $tIndex 330 $aAnregungen zum eigenen Simulieren, Modellieren und Programmieren. Mit Beispielprogrammen auf der Internetseite dieses Buches. Mit einer kurzen Einführung zu MATLAB und der Symbolic Math-Toolbox. Für Lehrende und Lernende der Physik und alle, die Berührungspunkte mit Berechnungsverfahren, Modellierungen oder Simulationen in den Natur- oder Ingenieurswissenschaften haben. Das Lehrbuch vermittelt, wie durch MATLAB und Simulink physikalische Systeme einfach simuliert und damit besser verstanden werden können. Die verwendeten Modelle stammen aus den Bereichen Theoretische Mechanik, Relativitätstheorie, Elektrodynamik und Quantenmechanik. 330 $aThe textbook explains the simple application of MATLAB and Simulink to simulate and better understand physical systems. It combines models from the fields of theoretical mechanics, relativity theory, electrodynamics, and quantum mechanics. 410 0$aDe Gruyter Studium. 606 $aPhysics$xData processing 606 $aMathematical physics 615 0$aPhysics$xData processing. 615 0$aMathematical physics. 676 $a530.0285 700 $aSchweizer$b Wolfgang, $4aut$4http://id.loc.gov/vocabulary/relators/aut$01246207 801 0$bDE-B1597 801 1$bDE-B1597 906 $aBOOK 912 $a9910155410303321 996 $aSimulation physikalischer Systeme$92889747 997 $aUNINA LEADER 06704nam 22010691 450 001 9910974646203321 005 20250606111301.0 010 $a9783131696847 010 $a3131696842 024 7 $a10.1055/b-002-89588 035 $a(CKB)2550000001164254 035 $a(EBL)1543243 035 $a(OCoLC)862614140 035 $a(SSID)ssj0001040085 035 $a(PQKBManifestationID)11661566 035 $a(PQKBTitleCode)TC0001040085 035 $a(PQKBWorkID)11000921 035 $a(PQKB)11083087 035 $a(MiAaPQ)EBC1543243 035 $a(OCoLC)864700253 035 $a(Au-PeEL)EBL1543243 035 $a(CaPaEBR)ebr10795548 035 $a(CaONFJC)MIL540392 035 $a10.1055-b-002-89588 035 $a(DE-2912)1496444124799 035 $a(DNLM)101609359 035 $a(NyNyTMP)9783131696847 035 $a(Perlego)917359 035 $a864700253 035 $a(EXLCZ)992550000001164254 100 $a20130530h20142014 uy 0 101 0 $aeng 135 $aur|n|---||||| 181 $ctxt$2rdacontent 181 $csti$2rdacontent 182 $cc$2rdamedia 182 $cv$2rdamedia 183 $acr$2rdacontent 200 10$aAtlas of Gynecologic Surgery /$fby: Wallwiener, Diethelm, Becker, Sven 205 $aFourth edition. 210 1$aStuttgart ;$aNew York :$cThieme,$d[2014] 210 4$d©2014 215 $a1 online resource (xviii, 654 pages) $cillustrations 225 1 $aMedOne neurosurgery 300 $aTranslation of: Atlas der gynèakologischen Operationen. 7. vollstèandig èuberarbeitete und erw. Aufl. / herausgegeben von Diethelm Wallwiener ... [et al.]. c2009. 300 $aPreceded by: Atlas of gynecological surgery. 3rd ed., enl. and rev. / H.A. Hirsch, O. Kèaser, F.A. Iklâe. 1997. 300 $a"1138 illustrations, 23 tables." 311 08$a9783136507049 311 08$a3136507045 311 08$a9781306091411 311 08$a1306091411 320 $aIncludes bibliographical references and index. 327 $a1. General part -- 2. Complications and their management -- 3. Abdominal wall -- 4. Adnexa -- 5. Uterus -- 6. Vulva and vagina -- 6. Pelvic floor -- 7. Gynecologic oncology, Urogynecology, proctogynecology : new surgical techniques 330 $a"A superb work of art as well as an outstanding clinical reference, this book continues the rich tradition of earlier editions by providing unparalleled coverage of the entire field of gynecologic surgery. This new fourth edition offers completely updated content, user-friendly features, and the cornerstone of the book: an art program of astounding quality. It is indispensable for gynecologic surgeons or residents who need to review, refresh, or fine-tune their skills in preparation for surgery, while being alerted to pitfalls and possible complications at every juncture. Special features of the new 4th edition of this world-famous atlas: - Nearly 1,200 stunning watercolor drawings that provide a visual depiction of operative steps unequalled in the literature - Detailed, point-by-point descriptions of routine as well as more complex procedures - Full coverage of abdominal, vaginal, and endoscopic approaches in sections on the adnexa, uterus, vulva/vagina, and pelvic floor - Introduction of the new Procedure Navigator section, which facilitates a convenient search from disease to indication to medical or surgical treatment of choice - A truly international perspective, with leading specialists from Europe and the United States sharing their clinical experience and wisdom Complete with expert foundational chapters on pre- and postoperative treatment, informed consent, instrumentation, indications and contraindications, risks and complications, and more, this book is both beautiful and informative. Its step-by-step didactic concept is ideal for residents-in-training, while its detailed description of both common and rare procedures makes it useful for experienced surgeons. For all specialists, Atlas of Gynecologic Surgery is a standard, must-have reference on current methodology and clinical protocols in this rapidly evolving field"--Provided by publisher. 410 0$aMedOne neurosurgery. 606 $aBreast$xSurgery$vAtlases 606 $aGenerative organs, Female$xSurgery$vAtlases 606 $aIntestines$xSurgery$vAtlases 615 0$aBreast$xSurgery 615 0$aGenerative organs, Female$xSurgery 615 0$aIntestines$xSurgery 676 $a618.1/059 700 $aAbele$b Harald$4aut$4http://id.loc.gov/vocabulary/relators/aut$01811956 702 $aWallwiener$b D.$4edt$4http://id.loc.gov/vocabulary/relators/edt 702 $aBecker$b Sven$4edt$4http://id.loc.gov/vocabulary/relators/edt 702 $aBachmann$b Cornelia$4aut$4http://id.loc.gov/vocabulary/relators/aut 702 $aBecker$b Sven$4aut$4http://id.loc.gov/vocabulary/relators/aut 702 $aBeckmann$b Matthias W$4aut$4http://id.loc.gov/vocabulary/relators/aut 702 $aBrucker$b Sara Y$4aut$4http://id.loc.gov/vocabulary/relators/aut 702 $aWilde$b Rudy Leon $4aut$4http://id.loc.gov/vocabulary/relators/aut 702 $aFriese$b K$g(Klaus),$4aut$4http://id.loc.gov/vocabulary/relators/aut 702 $aGardanis$b Konstantinos$4aut$4http://id.loc.gov/vocabulary/relators/aut 702 $aGrischke$b Eva-Maria$4aut$4http://id.loc.gov/vocabulary/relators/aut 702 $aHornung$b Rene?$4aut$4http://id.loc.gov/vocabulary/relators/aut 702 $aIsaacson$b Keith B$4aut$4http://id.loc.gov/vocabulary/relators/aut 702 $aJonat$b Walter$4aut$4http://id.loc.gov/vocabulary/relators/aut 702 $aKramer$b Bernhard$4aut$4http://id.loc.gov/vocabulary/relators/aut 702 $aOehler$b Martin$4aut$4http://id.loc.gov/vocabulary/relators/aut 702 $aReisenauer$b Christl$4aut$4http://id.loc.gov/vocabulary/relators/aut 702 $aRothmund$b Ralf$4aut$4http://id.loc.gov/vocabulary/relators/aut 702 $aSchmidt$b Ernst-Heinrich$4aut$4http://id.loc.gov/vocabulary/relators/aut 702 $aSolomayer$b Erich F$4aut$4http://id.loc.gov/vocabulary/relators/aut 702 $aWallwiener$b Christian$4aut$4http://id.loc.gov/vocabulary/relators/aut 702 $aWallwiener$b Diethelm$4aut$4http://id.loc.gov/vocabulary/relators/aut 702 $aWallwiener$b Markus$4aut$4http://id.loc.gov/vocabulary/relators/aut 702 $aWattiez$b Arnaud$4aut$4http://id.loc.gov/vocabulary/relators/aut 702 $aZubke$b Wolfgang$4aut$4http://id.loc.gov/vocabulary/relators/aut 801 0$bDE-2912 906 $aBOOK 912 $a9910974646203321 996 $aAtlas of Gynecologic Surgery$94399973 997 $aUNINA